[Event "AUTUMN MELLOW"]
[Site "SchemingMind.com"]
[Date "2014.09.05"]
[Round "-"]
[White "David Hartley"]
[Black "Clive Everill"]
[Result "0-1"]
[WhiteCountry "ENG"]
[BlackCountry "CZE"]
[WhiteElo "1803"]
[WhiteRD "65"]
[BlackElo "1709"]
[BlackRD "52"]
[GameID "364033"]

1. Nf3 c5 2. g3 b5 3. Bg2 Bb7 4. O-O Nf6 5. d3 d6 6. Nbd2 Nbd7 7. b3 g6 8. Bb2 Bg7 9. Rb1 O-O 10. e4 a5
11. Qc1 Bh6 12. Qd1 e5 13. Qe2 Ne8 14. c4 b4 15. Ra1 Nc7 16. a3 Na6 17. Nb1 f5 18. exf5 Rxf5 19. axb4 Nxb4 20. Ne1 Bxg2
21. Kxg2 Qf6 22. Nc3 Nb6 23. Nc2 Nxc2 24. Qxc2 Qe6 25. Nb5 Rh5 26. Rh1 Qh3+ 27. Kg1 Bf8 28. Qe2 Rf5 29. Qe4 a4 30. Nxd6 Bxd6
31. bxa4 Raf8 32. Rf1 Nxa4 33. Ba1 Nb6 34. Bc3 h5 35. Ba5 Rb8 36. Qc6 Nc8 37. Bc7 Bxc7 38. Qxc7 Rb3 39. Qxc8+ Kg7 40. Qd7+ Kh6
41. Qd5 e4 42. Qxe4 Rb2 43. Qe1 Rb3 44. Qe3+ Kg7 45. Ra1 Rf7 46. Qe5+ Kh6 47. d4 cxd4 48. Qxd4 Rbf3 49. Ra2 Qf5 50. Kg2 Rd3
51. Qh8+ Rh7 52. Qa8 Rf7 53. Rc1 Rf3 54. Rcc2 h4 55. Qd5 h3+ 56. Kf1 Rxf2+ 57. Ke1 Rf1+ 58. Kd2 Qf2+ 59. Kc3 Rf3+ 60. Kb2 Qb6+
0-1

[Event "AUTUMN MELLOW"]
[Site "SchemingMind.com"]
[Date "2014.09.03"]
[Round "-"]
[White "Clive Everill"]
[Black "David Hartley"]
[Result "1-0"]
[WhiteCountry "CZE"]
[BlackCountry "ENG"]
[WhiteElo "1652"]
[WhiteRD "53"]
[BlackElo "1801"]
[BlackRD "64"]
[GameID "364034"]

1. e4 Nc6 2. d4 e6 3. Nf3 d5 4. Nc3 Nf6 5. e5 Nd7 6. Bb5 Na5 7. Bd2 c6 8. Bd3 b5 9. a3 Nb7 10. O-O f6
11. exf6 Nxf6 12. Ne5 Qc7 13. Bg5 Be7 14. Bxf6 Bxf6 15. Qh5+ Ke7 16. Qf7+ Kd6 17. Qxc7+ Kxc7 18. f4 g6 19. Ne2 Nd6 20. Rf3 Bxe5
21. fxe5 Nb7 22. Rf7+ Bd7 23. Nf4 Rae8 24. Rf1 Nd8 25. Rf6 Bc8 26. Nh3 Kd7 27. Ng5 Re7 28. Rf8 Re8 29. Rxe8 Kxe8 30. Rf3 Bd7
31. Rh3 Ke7 32. Bxg6 Rg8 33. Rxh7+ Kf8 34. Rxd7 Rxg6 35. Rxd8+ Ke7 36. Nxe6
1-0

[Event "AUTUMN MELLOW"]
[Site "SchemingMind.com"]
[Date "2014.09.05"]
[Round "-"]
[White "David Hartley"]
[Black "bobbassbone"]
[Result "1-0"]
[WhiteCountry "ENG"]
[BlackCountry "ENG"]
[WhiteElo "1801"]
[WhiteRD "64"]
[BlackElo "1638"]
[BlackRD "57"]
[GameID "364074"]

1. Nf3 d5 2. d4 c6 3. c4 Nf6 4. e3 Bg4 5. Nc3 e6 6. Bd2 Bb4 7. Be2 Nbd7 8. O-O h6 9. a3 Ba5 10. b4 Bc7
11. Bd3 Qb8 12. g3 h5 13. Be2 Bxf3 14. Bxf3 h4 15. Ne2 hxg3 16. fxg3 dxc4 17. Rc1 Nh5 18. Be1 Bxg3 19. Nxg3 Nxg3 20. Bxg3 Qd8
21. Rxc4 Qg5 22. Rc2 Qxe3+ 23. Kh1 Nf6 24. Qa1 Ne4 25. Rg2 Nxg3+ 26. Rxg3 Qd2 27. Rg2 Qe3 28. Rgf2 Rd8 29. d5 cxd5 30. Qxg7 Ke7
31. Re2 Qxa3 32. Bxd5 Qh3 33. Rxf7+ Kd6 34. Qe5#
1-0

[Event "AUTUMN MELLOW"]
[Site "SchemingMind.com"]
[Date "2014.09.05"]
[Round "-"]
[White "bobbassbone"]
[Black "David Hartley"]
[Result "0-1"]
[WhiteCountry "ENG"]
[BlackCountry "ENG"]
[WhiteElo "1624"]
[WhiteRD "58"]
[BlackElo "1845"]
[BlackRD "62"]
[GameID "364075"]

1. d4 d5 2. Bf4 Nf6 3. e3 e6 4. c3 c5 5. Bd3 Nc6 6. Nf3 h6 7. Nbd2 Bd6 8. Bg3 Bxg3 9. hxg3 c4 10. Bb1 b5
11. a3 Qc7 12. Rh4 e5 13. dxe5 Nxe5 14. Nxe5 Qxe5 15. Qf3 O-O 16. g4 Be6 17. Bc2 a5 18. Qe2 Qg5 19. Rh2 Bxg4 20. f3 Bf5
21. Bxf5 Qg3+
0-1

[Event "AUTUMN MELLOW"]
[Site "SchemingMind.com"]
[Date "2014.09.08"]
[Round "-"]
[White "Clive Everill"]
[Black "bobbassbone"]
[Result "1-0"]
[WhiteCountry "CZE"]
[BlackCountry "ENG"]
[WhiteElo "1652"]
[WhiteRD "53"]
[BlackElo "1638"]
[BlackRD "57"]
[GameID "364076"]

1. e4 c6 2. d4 d5 3. f3 dxe4 4. fxe4 Nf6 5. e5 Nd5 6. Bd3 h6 7. Nf3 Bg4 8. O-O e6 9. c4 Nc7 10. Be3 Nd7
11. Qb3 Qc8 12. Nfd2 Be7 13. Qc2 Qd8 14. Bg6 Nf8 15. Bxf7+ Kd7 16. Nc3 Bf5 17. Qb3 Kc8 18. d5 cxd5 19. cxd5 Nxd5 20. Nxd5 Qxd5
21. Rac1+ Kb8 22. Qc3 Qd8 23. Nc4 Bg6 24. Bxg6 Nxg6 25. Rf7 Qe8 26. Nd6
1-0

[Event "AUTUMN MELLOW"]
[Site "SchemingMind.com"]
[Date "2014.09.08"]
[Round "-"]
[White "bobbassbone"]
[Black "Clive Everill"]
[Result "1-0"]
[WhiteCountry "ENG"]
[BlackCountry "CZE"]
[WhiteElo "1638"]
[WhiteRD "57"]
[BlackElo "1652"]
[BlackRD "53"]
[GameID "364077"]

1. d4 f5 2. Bf4 Nf6 3. e3 g6 4. c3 d6 5. Nf3 Bg7 6. Nbd2 b6 7. Be2 Bb7 8. O-O Nc6 9. Re1 Qd7 10. h3 h6
11. Bb5 a6 12. Ba4 b5 13. Bb3 Na5 14. Bc2 Nh5 15. Bh2 O-O-O 16. b4 Nc6 17. a4 Na7 18. axb5 Nxb5 19. Bd3 Na7 20. Bxa6 Qc6
21. Bxb7+ Qxb7 22. Qa4 Kb8 23. Nc4 Nf6 24. Re2 Ne4 25. Qa3 Rd7 26. Rea2 c6 27. Na5 Qb6 28. Nc4 Qc7 29. Na5 Nb5 30. Nxc6+ Qxc6
31. Qa8+ Qxa8 32. Rxa8+ Kb7 33. Rxh8 Bxh8 34. c4 Nbc3 35. b5 Kb8 36. c5 e5 37. dxe5 dxe5 38. c6 Rd1+ 39. Rxd1 Nxd1 40. Nxe5 Kc8
41. Nf7 Bf6 42. b6 Nc5 43. Nd6+ Kb8 44. c7+
1-0

[Event "AUTUMN MELLOW"]
[Site "SchemingMind.com"]
[Date "2014.09.06"]
[Round "-"]
[White "David Hartley"]
[Black "kenneth m day"]
[Result "1-0"]
[WhiteCountry "ENG"]
[BlackCountry "USA"]
[WhiteElo "1803"]
[WhiteRD "65"]
[BlackElo "1657"]
[BlackRD "51"]
[GameID "364126"]

1. e4 e5 2. Nf3 Nc6 3. Bb5 Nf6 4. O-O Bc5 5. c3 d6 6. d4 exd4 7. cxd4 Nxe4 8. dxc5 O-O 9. cxd6 Qxd6 10. Qxd6 cxd6
11. Bf4 Bd7 12. Nbd2 d5 13. Nxe4 dxe4 14. Bxc6 Bxc6 15. Nd2 f5 16. Rfe1 Rad8 17. Nc4 b5 18. Ne3 g6 19. Red1 Rc8 20. Kf1 a5
21. Ke1 b4 22. Rac1 Bb7 23. Bc7 a4 24. Bd6 Rfd8 25. Bxb4 Kf7 26. Rxc8 Rxc8 27. Rd7+
1-0

[Event "AUTUMN MELLOW"]
[Site "SchemingMind.com"]
[Date "2014.09.06"]
[Round "-"]
[White "kenneth m day"]
[Black "David Hartley"]
[Result "0-1"]
[WhiteCountry "USA"]
[BlackCountry "ENG"]
[WhiteElo "1712"]
[WhiteRD "48"]
[BlackElo "1791"]
[BlackRD "65"]
[GameID "364127"]

1. e4 Nc6 2. d4 e6 3. Nf3 d5 4. Nc3 dxe4 5. Nxe4 Be7 6. Bb5 Bd7 7. O-O Nf6 8. Nc5 Bxc5 9. dxc5 h6 10. Bf4 O-O
11. Qe2 Re8 12. Rad1 Qc8 13. Rfe1 a6 14. Bc4 b5 15. Bd3 Nb4 16. a3 Nxd3 17. Qxd3 Bc6 18. Ne5 Qb7 19. Nxc6 Qxc6 20. Qg3 Nh5
21. Qg4 Nxf4 22. Qxf4 Qxc5 23. Qe4 Rad8 24. Rxd8 Rxd8 25. h3 Qd5 26. Qg4 Qd2 27. Re2 Qc1+ 28. Kh2 Qxb2 29. Qg3 c5 30. Qe3 Qd4
31. Qf3 Qd6+ 32. g3 c4 33. Qc3 Qd4 34. Qxd4 Rxd4 35. Kg2 Kf8 36. Kf3 Ke7 37. Ke3 e5 38. f4 f6 39. fxe5 fxe5 40. Kf3 Ke6
41. Ke3 a5 42. Kf3 b4 43. axb4 axb4 44. Ke3 Kd5 45. g4 b3 46. cxb3 cxb3 47. Rb2 Kc4
0-1

[Event "AUTUMN MELLOW"]
[Site "SchemingMind.com"]
[Date "2014.09.08"]
[Round "-"]
[White "Clive Everill"]
[Black "kenneth m day"]
[Result "0-1"]
[WhiteCountry "CZE"]
[BlackCountry "USA"]
[WhiteElo "1709"]
[WhiteRD "52"]
[BlackElo "1657"]
[BlackRD "51"]
[GameID "364128"]

1. d4 d5 2. c4 Nc6 3. Nc3 Nf6 4. Bg5 dxc4 5. e3 Bg4 6. f3 Bh5 7. Bxc4 Qd6 8. Bf4 Qd7 9. Nge2 O-O-O 10. O-O h6
11. a3 g5 12. Bg3 Bg7 13. b4 e6 14. Nb5 Nd5 15. Bxd5 exd5 16. Nxc7 Rhf8 17. b5 Na5 18. a4 f5 19. Rc1 Nc4 20. Qd3 f4
21. exf4 Qxc7 22. fxg5 Qe7 23. gxh6 Bxh6 24. Kh1 Rde8 25. Rfe1 Bxc1 26. Rxc1 Qxe2 27. Qh7 Bf7 28. Qf5+ Be6 29. Rxc4+ Qxc4 30. Qb1 Bf5
31. Qd1 Re2 32. h4 Rfe8 33. Kh2 Qc2 34. Be5 Qxd1
0-1

[Event "AUTUMN MELLOW"]
[Site "SchemingMind.com"]
[Date "2014.09.08"]
[Round "-"]
[White "kenneth m day"]
[Black "Clive Everill"]
[Result "1-0"]
[WhiteCountry "USA"]
[BlackCountry "CZE"]
[WhiteElo "1669"]
[WhiteRD "52"]
[BlackElo "1652"]
[BlackRD "53"]
[GameID "364129"]

1. e4 d6 2. d4 g6 3. Nc3 a6 4. f4 Bg7 5. Nf3 b5 6. Be2 Bb7 7. O-O Nf6 8. e5 dxe5 9. fxe5 Nd5 10. Bg5 f6
11. exf6 exf6 12. Bh4 Ne3 13. Qd3 Nxf1 14. Rxf1 Nc6 15. Ne4 O-O 16. Nc5 Bc8 17. Qe4 Nxd4 18. Nxd4 Bd7 19. Qd5+ Kh8 20. Nxd7 Re8
21. Ne6 Qe7 22. Ndc5 g5 23. Bg3 Rac8 24. Bg4 c6 25. Qb3 Bh6 26. Ne4 Qa7+ 27. Bf2 Qf7 28. N4c5 a5 29. Bd4 Bg7 30. Qh3 Ra8
31. Bf5 h6 32. Qg3 Re7 33. Qd6 Raa7 34. Nxg7 Kxg7 35. Be6 Qe8 36. Bxf6+ Kg6 37. Qd3+ Kh5 38. g4+ Kh4 39. Qg3#
1-0

[Event "AUTUMN MELLOW"]
[Site "SchemingMind.com"]
[Date "2014.09.06"]
[Round "-"]
[White "kenneth m day"]
[Black "bobbassbone"]
[Result "0-1"]
[WhiteCountry "USA"]
[BlackCountry "ENG"]
[WhiteElo "1657"]
[WhiteRD "51"]
[BlackElo "1590"]
[BlackRD "56"]
[GameID "364130"]

1. e4 c6 2. c4 d5 3. cxd5 cxd5 4. exd5 Qxd5 5. d4 Nf6 6. Nc3 Qd8 7. Nf3 Bg4 8. Be2 e6 9. Bg5 Bb4 10. O-O Bxc3
11. bxc3 O-O 12. h3 Bxf3 13. Bxf3 h6 14. Bh4 Qe7 15. Rb1 Nc6 16. Re1 g5 17. Bg3 Qd7 18. Qc2 Rac8 19. Rbd1 Nxd4 20. Rxd4 Qxd4
21. Be5 Qc4 22. Bxf6 Rc7 23. Be4 Rfc8 24. Bh7+ Kf8 25. Re4 Qd5 26. Rd4 Qb5 27. Rb4 Qxb4 28. Qd2 Rxc3 29. Bxc3 Qxc3 30. Qd6+ Kg7
31. Be4 Qe1+
0-1

[Event "AUTUMN MELLOW"]
[Site "SchemingMind.com"]
[Date "2014.09.06"]
[Round "-"]
[White "bobbassbone"]
[Black "kenneth m day"]
[Result "1-0"]
[WhiteCountry "ENG"]
[BlackCountry "USA"]
[WhiteElo "1566"]
[WhiteRD "55"]
[BlackElo "1712"]
[BlackRD "48"]
[GameID "364131"]

1. d4 d5 2. Bf4 Nf6 3. e3 Bf5 4. c3 e6 5. Bd3 Bxd3 6. Qxd3 Bd6 7. Bg3 O-O 8. Nd2 c5 9. Ngf3 Bxg3 10. hxg3 cxd4
11. exd4 Nc6 12. g4 h6 13. Ne5 Qd6 14. g5 Nxe5 15. Qc2 Ng6 16. gxf6 e5 17. fxg7 Kxg7 18. dxe5 Qxe5+ 19. Kf1 Rae8 20. Nf3 Qf4
21. Rd1 Rd8 22. Rd4 Qf6 23. Qb3 Qc6 24. Rh5 Ne7 25. Qc2 Qg6 26. Qxg6+ fxg6 27. Rg4 Kh7 28. Ng5+ Kg7 29. Ne6+ Kf7 30. Nxd8+ Rxd8
31. Rxh6 Rd6 32. Rf4+ Kg7 33. Rh3 Nf5 34. Rd3 b6 35. g4 Nh6 36. Rfd4 Nf7 37. Rxd5 Rxd5 38. Rxd5 Kf6 39. Rd7 a6 40. Ra7 a5
41. Rb7 Kg5 42. Rxf7
1-0

[Event "AUTUMN MELLOW"]
[Site "SchemingMind.com"]
[Date "2014.09.09"]
[Round "-"]
[White "David Hartley"]
[Black "Scooter"]
[Result "0-1"]
[WhiteCountry "ENG"]
[BlackCountry "USA"]
[WhiteElo "1801"]
[WhiteRD "64"]
[BlackElo "1752"]
[BlackRD "44"]
[GameID "364361"]

1. e4 c6 2. d4 d5 3. Nc3 dxe4 4. Nxe4 Bf5 5. Ng3 Bg6 6. Nf3 Nd7 7. Bd3 Bxd3 8. Qxd3 Qc7 9. Be3 Ngf6 10. O-O O-O-O
11. c4 e6 12. b4 Bxb4 13. Rab1 Be7 14. Rb3 Ng4 15. Bd2 Nc5 16. Qc3 Nxb3 17. axb3 h6 18. Ra1 a6 19. Ra5 Bd6 20. Ra2 Bf4
21. Bxf4 Qxf4 22. b4 h5 23. h3 Nf6 24. b5 Ne4 25. Nxe4 Qxe4 26. Qc1 f6 27. bxa6 b6 28. Qb2 Kc7 29. c5 b5 30. Qa3 Kd7
31. a7 Ra8 32. Qa6 Qf4 33. Qb6 Qc7 34. Qa6 g5 35. Qa3 g4 36. Nd2 gxh3 37. Qxh3 Rxa7 38. Rc2 Ra1+ 39. Nf1 Qf4 40. Re2 f5
41. Qb3 Rh6 42. f3 Qxd4+
0-1

[Event "AUTUMN MELLOW"]
[Site "SchemingMind.com"]
[Date "2014.09.09"]
[Round "-"]
[White "Scooter"]
[Black "David Hartley"]
[Result "1-0"]
[WhiteCountry "USA"]
[BlackCountry "ENG"]
[WhiteElo "1752"]
[WhiteRD "44"]
[BlackElo "1801"]
[BlackRD "64"]
[GameID "364362"]

1. d4 d5 2. Nf3 e6 3. Bf4 c5 4. c3 Nf6 5. e3 h6 6. Be2 Nc6 7. O-O Bd6 8. Bxd6 Qxd6 9. Nbd2 e5 10. dxe5 Nxe5
11. Nxe5 Qxe5 12. Nf3 Qc7 13. Bb5+ Bd7 14. Bxd7+ Nxd7 15. Qxd5 O-O 16. Rfd1 Nf6 17. Qe5 Rac8 18. Qxc7 Rxc7 19. h3 Rfc8 20. c4 b6
21. Rd3 Kf8 22. Rad1 Ke7 23. g4 Ke8 24. Nh4 g6 25. f3 Nd7 26. f4 Nf8 27. e4 Re7 28. e5 Re6 29. Kf2 Re7 30. Nf3 Rd7
31. Ke3 Rxd3+ 32. Rxd3 Ke7 33. h4 Rc6 34. b3 Nd7 35. f5 Nf8 36. Ke4 Rc8 37. Nd2 Rc7 38. f6+ Ke8 39. Nf3 Rc6 40. Rd6 Rc7
41. g5 h5 42. Ne1 Ne6 43. Nc2 Rc8 44. Ne3 Nd8 45. a3 Rc7 46. Ng2 Rc8 47. Nf4 Rc7 48. Kd5 Nb7 49. Rc6 Rd7+ 50. Ke4 Rd4+
51. Ke3 Kd7 52. e6+ Kxc6 53. exf7
1-0

[Event "AUTUMN MELLOW"]
[Site "SchemingMind.com"]
[Date "2014.09.10"]
[Round "-"]
[White "Clive Everill"]
[Black "Scooter"]
[Result "1-0"]
[WhiteCountry "CZE"]
[BlackCountry "USA"]
[WhiteElo "1652"]
[WhiteRD "53"]
[BlackElo "1752"]
[BlackRD "44"]
[GameID "364363"]

1. Nf3 Nf6 2. c4 g6 3. Nc3 Bg7 4. e4 d6 5. d4 Bg4 6. Be2 O-O 7. Be3 Nbd7 8. O-O Bxf3 9. Bxf3 e5 10. d5 Nc5
11. b4 Ncd7 12. Nb5 a6 13. Nc3 Re8 14. h4 Nb6 15. Qd3 Bf8 16. a4 a5 17. c5 axb4 18. cxb6 bxc3 19. Qxc3 cxb6 20. Rfb1 Qd7
21. Qb3 Rec8 22. Bxb6 Bh6 23. a5 Bf8 24. Be3 Be7 25. Qxb7 Qxb7 26. Rxb7 Bd8 27. a6 Bc7 28. a7 Nd7 29. Rc1 Nc5 30. Bxc5 dxc5
31. Rxc5 Bd6 32. Rxc8+ Rxc8 33. Bg4 Ra8 34. Bd7 Kg7 35. Be6 Bc5 36. Rxf7+ Kh6 37. g4
1-0

[Event "AUTUMN MELLOW"]
[Site "SchemingMind.com"]
[Date "2014.09.10"]
[Round "-"]
[White "Scooter"]
[Black "Clive Everill"]
[Result "1-0"]
[WhiteCountry "USA"]
[BlackCountry "CZE"]
[WhiteElo "1752"]
[WhiteRD "44"]
[BlackElo "1652"]
[BlackRD "53"]
[GameID "364364"]

1. d4 Nf6 2. Nf3 a6 3. Bf4 b5 4. e3 Bb7 5. Be2 g6 6. O-O Bg7 7. h3 d6 8. Nbd2 Nbd7 9. c4 c6 10. b3 O-O
11. cxb5 axb5 12. a4 b4 13. Rc1 Nd5 14. Nb1 Nxf4 15. exf4 Bh6 16. g3 Ra5 17. Nbd2 c5 18. Bc4 d5 19. Bb5 cxd4 20. Nxd4 Nb6
21. Bc6 Ra7 22. Bxb7 Rxb7 23. Nc6 Qd6 24. Qe2 e6 25. Qb5 Nc4 26. Qxb7 Nxd2 27. Ne7+ Kg7 28. Rc6 Qd8 29. Rc8 Qa5 30. Nc6 Qc5
31. Rxf8 Kxf8 32. Rd1 Ne4 33. Qxb4 Qxb4 34. Nxb4 Nc3 35. a5 Nb5 36. a6 Bg7 37. Nc6 Ke8 38. a7 Nxa7 39. Nxa7 Bc3 40. Rc1 d4
41. Nb5
1-0

[Event "AUTUMN MELLOW"]
[Site "SchemingMind.com"]
[Date "2014.09.10"]
[Round "-"]
[White "Scooter"]
[Black "kenneth m day"]
[Result "1-0"]
[WhiteCountry "USA"]
[BlackCountry "USA"]
[WhiteElo "1761"]
[WhiteRD "48"]
[BlackElo "1657"]
[BlackRD "51"]
[GameID "364365"]

1. d4 d6 2. Nf3 Nf6 3. Bf4 g6 4. e3 Nbd7 5. Nbd2 Bg7 6. Be2 O-O 7. O-O c5 8. c3 Nh5 9. dxc5 Nxf4 10. exf4 Nxc5
11. Nb3 Ne4 12. Bd3 Nf6 13. Re1 Bg4 14. Be2 Qb6 15. h3 Bd7 16. Bd3 Nd5 17. Bc4 Nxf4 18. Rxe7 Bc6 19. Qxd6 Nh5 20. Ng5 Rad8
21. Qc5 Qxc5 22. Nxc5 h6 23. Nxf7 Kh7 24. Nxd8 Rxd8 25. Nxb7 Rd2 26. Rc7 Be4 27. Nc5 Nf6 28. Ne6 Rd7 29. Rxd7 Nxd7 30. Nxg7 Kxg7
31. Re1 Nf6 32. f3 Bf5 33. Re7+ Kh8 34. Rxa7 Nh5 35. g4
1-0

[Event "AUTUMN MELLOW"]
[Site "SchemingMind.com"]
[Date "2014.09.10"]
[Round "-"]
[White "kenneth m day"]
[Black "Scooter"]
[Result "1-0"]
[WhiteCountry "USA"]
[BlackCountry "USA"]
[WhiteElo "1669"]
[WhiteRD "52"]
[BlackElo "1752"]
[BlackRD "44"]
[GameID "364366"]

1. f4 Nf6 2. Nc3 g6 3. e4 d6 4. Nf3 Bg4 5. Be2 Bg7 6. O-O O-O 7. d4 Nbd7 8. h3 Bxf3 9. Bxf3 c6 10. Be3 Re8
11. g4 h6 12. Qd2 Kh7 13. g5 hxg5 14. fxg5 Nh5 15. Bxh5 gxh5 16. Rxf7 Kg6 17. Raf1 Rf8 18. e5 Kh7 19. Qd3+ Kh8 20. Qg6 Rxf7
21. Rxf7
1-0

[Event "AUTUMN MELLOW"]
[Site "SchemingMind.com"]
[Date "2014.09.09"]
[Round "-"]
[White "Scooter"]
[Black "bobbassbone"]
[Result "1-0"]
[WhiteCountry "USA"]
[BlackCountry "ENG"]
[WhiteElo "1706"]
[WhiteRD "48"]
[BlackElo "1624"]
[BlackRD "58"]
[GameID "364367"]

1. d4 c6 2. Nf3 d5 3. Bf4 Nf6 4. e3 Bg4 5. Be2 e6 6. O-O Bd6 7. Bxd6 Qxd6 8. c3 Nbd7 9. Nbd2 O-O-O 10. h3 Bxf3
11. Bxf3 e5 12. dxe5 Nxe5 13. Qc2 Rde8 14. Rfd1 g5 15. Ne4 Nxf3+ 16. gxf3 Nxe4 17. fxe4 Rxe4 18. Qxe4
1-0

[Event "AUTUMN MELLOW"]
[Site "SchemingMind.com"]
[Date "2014.09.09"]
[Round "-"]
[White "bobbassbone"]
[Black "Scooter"]
[Result "0-1"]
[WhiteCountry "ENG"]
[BlackCountry "USA"]
[WhiteElo "1624"]
[WhiteRD "58"]
[BlackElo "1706"]
[BlackRD "48"]
[GameID "364368"]

1. d4 Nf6 2. Bf4 g6 3. e3 Bg7 4. c3 O-O 5. Nf3 d6 6. Be2 Bg4 7. Nbd2 Nbd7 8. h3 Bxf3 9. Bxf3 c6 10. h4 Nd5
11. Bh2 N7f6 12. g4 h6 13. g5 Nh7 14. Bxd5 cxd5 15. Qf3 e6 16. gxh6 Bxh6 17. O-O-O Nf6 18. Rdg1 Kh7 19. Bf4 Bxf4 20. Qxf4 Nh5
21. Qf3 Qf6 22. Qxf6 Nxf6 23. f3 Rh8 24. f4 Kg7 25. Nf3 Rh5 26. Rg5 Rah8 27. Rxh5 Rxh5 28. Ng5 Nh7 29. Kd2 Nxg5 30. fxg5 f6
31. gxf6+ Kxf6 32. Ke2 Kg7 33. Kf3 a5 34. Kg4 Rf5 35. Rh2 b5 36. Kg3 Kh6 37. b3 Kh5 38. a4 bxa4 39. bxa4 Rf1 40. Ra2 Rh1
41. Rf2 Rxh4 42. Rf6 Re4 43. Rf3 g5 44. Kg2 g4 45. Rg3 e5 46. Kf2 exd4 47. cxd4 Re6 48. Rg1 Rf6+ 49. Ke2 Rf3 50. Rh1+ Rh3
51. Rf1 Rh2+ 52. Ke1 Kg5 53. Rf8 Ra2 54. Rg8+ Kh4 55. Rh8+ Kg3 56. Rd8 Kf3
0-1

[Event "AUTUMN MELLOW"]
[Site "SchemingMind.com"]
[Date "2014.09.15"]
[Round "-"]
[White "David Hartley"]
[Black "Ramesh Panwar"]
[Result "0-1"]
[WhiteCountry "ENG"]
[BlackCountry "IND"]
[WhiteElo "1845"]
[WhiteRD "62"]
[BlackElo "2110"]
[BlackRD "88"]
[GameID "364574"]

1. e4 e5 2. Nf3 Nc6 3. Bb5 Nf6 4. O-O Nxe4 5. Re1 Nd6 6. Nxe5 Be7 7. Nxc6 dxc6 8. Ba4 O-O 9. c3 Re8 10. d4 Bh4
11. Rxe8+ Qxe8 12. Nd2 Bg4 13. Qf1 Be2 14. Qe1 Bh5 15. Kf1 Qd7 16. Nf3 Bxf3 17. gxf3 Qh3+ 18. Kg1 Re8 19. Qd1 Bxf2+
0-1

[Event "AUTUMN MELLOW"]
[Site "SchemingMind.com"]
[Date "2014.09.15"]
[Round "-"]
[White "Clive Everill"]
[Black "Ramesh Panwar"]
[Result "0-1"]
[WhiteCountry "CZE"]
[BlackCountry "IND"]
[WhiteElo "1643"]
[WhiteRD "55"]
[BlackElo "2110"]
[BlackRD "88"]
[GameID "364576"]

1. d4 d5 2. c4 e6 3. Nf3 Nc6 4. Nc3 Nf6 5. a3 Be7 6. Bf4 O-O 7. e3 Nh5 8. Bg3 a6 9. cxd5 exd5 10. Ne5 Nxg3
11. Nxc6 bxc6 12. hxg3 Rb8 13. Qh5 h6 14. Rb1 c5 15. Bd3 cxd4 16. exd4 Bf6 17. Qxd5 Re8+ 18. Kf1 Bxd4 19. Qxd8 Rxd8 20. Bc2 Bxc3
21. bxc3 Rxb1+ 22. Bxb1 Rd1+ 23. Ke2 Rxh1 24. f3 Rxb1
0-1

[Event "AUTUMN MELLOW"]
[Site "SchemingMind.com"]
[Date "2014.09.15"]
[Round "-"]
[White "Ramesh Panwar"]
[Black "Clive Everill"]
[Result "1-0"]
[WhiteCountry "IND"]
[BlackCountry "CZE"]
[WhiteElo "2110"]
[WhiteRD "88"]
[BlackElo "1643"]
[BlackRD "55"]
[GameID "364577"]

1. e4 e6 2. d4 d5 3. Nc3 Bb4 4. exd5 exd5 5. Bd3 Nc6 6. a3 Bxc3+ 7. bxc3 Nge7 8. Qf3 Be6 9. Rb1 b6 10. Ne2 Qd7
11. O-O Bf5 12. Nf4 Bxd3 13. cxd3 O-O-O 14. Nh5 g6 15. Nf6 Qd6 16. Re1 Nf5 17. Ng4 h5 18. Ne5 Nxe5 19. dxe5 Qc5 20. Bg5 Rde8
21. c4 Re6 22. cxd5 Ree8 23. Rec1 Qd4 24. d6 c5 25. Qc6+ Kb8 26. Rxb6+ axb6 27. Qxb6+ Ka8 28. Rb1
1-0

[Event "AUTUMN MELLOW"]
[Site "SchemingMind.com"]
[Date "2014.09.15"]
[Round "-"]
[White "Scooter"]
[Black "Ramesh Panwar"]
[Result "0-1"]
[WhiteCountry "USA"]
[BlackCountry "IND"]
[WhiteElo "1706"]
[WhiteRD "48"]
[BlackElo "2110"]
[BlackRD "88"]
[GameID "364578"]

1. d4 d5 2. Nf3 Nf6 3. Bf4 Nc6 4. e3 Bg4 5. Be2 e6 6. h3 Bf5 7. c3 Bd6 8. Bxd6 Qxd6 9. O-O O-O 10. Nh4 Be4
11. Nd2 Rfe8 12. c4 Qb4 13. cxd5 exd5 14. Qb3 Qxd2
0-1

[Event "AUTUMN MELLOW"]
[Site "SchemingMind.com"]
[Date "2014.09.15"]
[Round "-"]
[White "Ramesh Panwar"]
[Black "Scooter"]
[Result "1-0"]
[WhiteCountry "IND"]
[BlackCountry "USA"]
[WhiteElo "2110"]
[WhiteRD "88"]
[BlackElo "1706"]
[BlackRD "48"]
[GameID "364579"]

1. c4 Nf6 2. d4 g6 3. Nc3 Bg7 4. e4 d6 5. Nf3 Bg4 6. Be2 O-O 7. O-O Bxf3 8. Bxf3 c6 9. Be3 Nbd7 10. Be2 e5
11. dxe5 Nxe5 12. f4 Ned7 13. Qxd6
1-0

[Event "AUTUMN MELLOW"]
[Site "SchemingMind.com"]
[Date "2014.09.15"]
[Round "-"]
[White "kenneth m day"]
[Black "Ramesh Panwar"]
[Result "0-1"]
[WhiteCountry "USA"]
[BlackCountry "IND"]
[WhiteElo "1669"]
[WhiteRD "52"]
[BlackElo "2162"]
[BlackRD "60"]
[GameID "364580"]

1. e4 e5 2. f4 exf4 3. Nf3 Be7 4. Nc3 Bh4+ 5. Ke2 d5 6. Nxd5 Bg4 7. d4 Nf6 8. Qd3 Nxd5 9. exd5 O-O 10. Bxf4 Qxd5
11. c3 Re8+ 12. Kd2 Bf5 13. Qc4 Qe4 14. Bd3 Qxf4+ 15. Kc2 Re2+ 16. Kd1 Rxg2 17. Be2 Qxf3 18. Re1 Qf2 19. Kd2 Qf4+ 20. Kd1 Bxe1
0-1

[Event "AUTUMN MELLOW"]
[Site "SchemingMind.com"]
[Date "2014.09.14"]
[Round "-"]
[White "Ramesh Panwar"]
[Black "kenneth m day"]
[Result "1-0"]
[WhiteCountry "IND"]
[BlackCountry "USA"]
[WhiteElo "2207"]
[WhiteRD "52"]
[BlackElo "1657"]
[BlackRD "51"]
[GameID "364581"]

1. d4 d5 2. c4 Nc6 3. cxd5 Qxd5 4. e3 Nf6 5. Nc3 Qd8 6. Be2 e6 7. Nf3 Bb4 8. a3 Ba5 9. b4 Bb6 10. O-O O-O
11. Bb2 a6 12. Qc2 Re8 13. Rad1 Qe7 14. d5 exd5 15. Nxd5 Nxd5 16. Rxd5 Qe4 17. Qc3 f6 18. Bd3 Qxd5 19. Bc4 Be6 20. Bxd5 Bxd5
21. Rd1 Bf7 22. g4 h6 23. g5 hxg5 24. Nxg5 Re7 25. Nxf7 Kxf7 26. Qc4+ Kf8 27. Rd5 Rae8 28. Rh5 Re6 29. Rh8+ Kf7 30. Rxe8
1-0

[Event "AUTUMN MELLOW"]
[Site "SchemingMind.com"]
[Date "2014.09.14"]
[Round "-"]
[White "bobbassbone"]
[Black "Ramesh Panwar"]
[Result "0-1"]
[WhiteCountry "ENG"]
[BlackCountry "IND"]
[WhiteElo "1624"]
[WhiteRD "58"]
[BlackElo "2110"]
[BlackRD "88"]
[GameID "364582"]

1. d4 Nf6 2. Bf4 c5 3. c3 Qb6 4. Qc2 cxd4 5. Nf3 Nc6 6. cxd4 Nxd4 7. Nxd4 Qxd4 8. e3 Qe4 9. Qxe4 Nxe4 10. Nd2 Nxd2
11. Kxd2 d6 12. Bb5+ Bd7 13. Bxd7+ Kxd7 14. Rhc1 e5 15. Bg3 Be7 16. Rc3 Rac8 17. Rac1 Rxc3 18. Rxc3 Rc8 19. f3 Rxc3 20. Kxc3 Ke6
21. e4 d5 22. exd5+ Kxd5 23. b4 f5 24. Bf2 a6 25. a4 e4 26. fxe4+ fxe4 27. Be3 Bf6+ 28. Kb3 Bd4 29. Bd2 Bf2 30. g4 e3
0-1

[Event "AUTUMN MELLOW"]
[Site "SchemingMind.com"]
[Date "2014.09.14"]
[Round "-"]
[White "Ramesh Panwar"]
[Black "bobbassbone"]
[Result "1-0"]
[WhiteCountry "IND"]
[BlackCountry "ENG"]
[WhiteElo "2110"]
[WhiteRD "88"]
[BlackElo "1624"]
[BlackRD "58"]
[GameID "364583"]

1. Nf3 d5 2. d4 Nf6 3. c4 c6 4. Nc3 dxc4 5. e4 Bg4 6. Bxc4 e6 7. Be3 Bb4 8. h3 Bh5 9. Bd3 Nbd7 10. O-O O-O
11. a3 Bxc3 12. bxc3 Qc7 13. e5 Nd5 14. Bxh7+ Kh8 15. Bc2 Nxe3 16. fxe3 Bxf3 17. Qxf3 g6 18. Qf4 Kg7 19. h4 Nb6 20. Qg5 Qd8
21. Rf6 Nd5 22. Rxg6+
1-0